[Event "Ricany op-A"]
[Site "Ricany"]
[Date "2014.08.28"]
[Round "7"]
[White "Jirousek, Filip"]
[Black "Helebrand, Frantisek"]
[Result "0-1"]
[WhiteElo "1778"]
[BlackElo "1546"]
[PlyCount "86"]
[EventDate "2014.08.23"]
[EventType "swiss"]
[EventRounds "9"]
[EventCountry "CZE"]
[SourceTitle "EXT 2015"]
[Source "ChessBase"]
[SourceDate "2014.11.20"]
[SourceVersion "1"]
[SourceVersionDate "2014.11.20"]
[SourceQuality "1"]

1. e4 e6 2. d4 d5 3. Nc3 Bb4 4. e5 c5 5. a3 Bxc3+ 6. bxc3 Nc6 7. Nf3 Qc7 8. Bb5 Nge7 9. 0-0 0-0 10. Bxc6 Nxc6 11. Ng5 h6 12. Nf3 Bd7 13. Nh4 Rac8 14. Qg4 Kh7 15. Nf3 Ne7 16. Qh5 cxd4 17. Bg5 Ng6 18. cxd4 Qxc2 19. Rae1 Qf5 20. Re3 Nf4 21. Qh4 Ng6 22. Qh5 Bb5 23. g4 Qc2 24. Rfe1 Rc3 25. Kg2 Rxe3 26. Rxe3 Be2 27. Kg3 Bxf3 28. Rxf3 Qe4 29. Be3 Kg8 30. g5 hxg5 31. Qxg5 Re8 32. h4 Qb1 33. Kg2 Qe4 34. Kg3 Ne7 35. h5 Nf5+ 36. Rxf5 Qxf5 37. Qh4 Rc8 38. h6 Qg6+ 39. Kf3 gxh6 40. Bxh6 Rc3+ 41. Be3 Rxa3 42. Qd8+ Kg7 43. Qe7 Rb3 0-1

[Event "Ricany op-A"]
[Site "Ricany"]
[Date "2014.08.23"]
[Round "1"]
[White "Jirousek, Filip"]
[Black "Skacel, Jan"]
[Result "1/2-1/2"]
[WhiteElo "1778"]
[BlackElo "2075"]
[PlyCount "29"]
[EventDate "2014.08.23"]
[EventType "swiss"]
[EventRounds "9"]
[EventCountry "CZE"]
[SourceTitle "EXT 2015"]
[Source "ChessBase"]
[SourceDate "2014.11.20"]
[SourceVersion "1"]
[SourceVersionDate "2014.11.20"]
[SourceQuality "1"]

1. f4 e5 2. e4 Bc5 3. Nf3 d6 4. Bc4 Nf6 5. d3 Nc6 6. Qe2 0-0 7. Nc3 Bg4 8. Be3 Bb4 9. h3 Bxf3 10. Qxf3 exf4 11. Qxf4 d5 12. exd5 Nxd5 13. Bxd5 Bxc3+ 14. bxc3 Qxd5 15. 0-0 1/2-1/2

[Event "Ricany op"]
[Site "Ricany"]
[Date "2012.08.26"]
[Round "1"]
[White "Jirousek, Filip"]
[Black "Skala, Jaromir"]
[Result "0-1"]
[WhiteElo "1775"]
[BlackElo "2038"]
[PlyCount "92"]
[EventDate "2012.08.26"]
[EventType "swiss"]
[EventRounds "9"]
[EventCountry "CZE"]
[SourceTitle "CBM 150 Extra"]
[Source "ChessBase"]
[SourceDate "2012.10.19"]
[SourceVersion "1"]
[SourceVersionDate "2012.10.19"]
[SourceQuality "1"]

1. f4 e5 2. e4 Bc5 3. Nf3 d6 4. Nc3 Nf6 5. Bc4 0-0 6. fxe5 dxe5 7. h3 Nc6 8. d3 Na5 9. Bb3 Nxb3 10. axb3 Qd6 11. Bg5 c6 12. g4 Ne8 13. Qd2 Nc7 14. Nh4 h6 15. Be3 Bxe3 16. Qxe3 Qf6 17. Ng2 Ne6 18. Rf1 Nd4 19. 0-0-0 Qd8 20. Ne1 Be6 21. Nf3 Qb6 22. Qf2 f6 23. Nxd4 Qxd4 24. Qxd4 exd4 25. Ne2 Rad8 26. Ng3 c5 27. Kd2 a6 28. Ra1 Kh7 29. Ra5 Rc8 30. Nf5 Rfd8 31. Rf2 Rc7 32. Rf1 Kg6 33. Nh4+ Kh7 34. Nf5 Bc8 35. Rg1 Kg6 36. Nh4+ Kf7 37. Nf3 Ke6 38. Re1 b5 39. e5 Bb7 40. exf6+ Kxf6 41. Rf1 Ke6 42. Raa1 Kd6 43. Rae1 Bd5 44. Ne5 Re7 45. Rf5 Rde8 46. c4 dxc3+ 0-1

[Event "EU-chT U18 12th"]
[Site "Pardubice"]
[Date "2012.07.13"]
[Round "2"]
[White "Jirousek, Filip"]
[Black "Havas, Janko"]
[Result "0-1"]
[WhiteElo "1791"]
[BlackElo "2155"]
[PlyCount "68"]
[EventDate "2012.07.12"]
[EventType "team-tourn"]
[EventRounds "9"]
[EventCountry "CZE"]
[SourceTitle "EXT 2020"]
[Source "ChessBase"]
[SourceDate "2019.10.17"]
[SourceVersion "1"]
[SourceVersionDate "2019.10.17"]
[SourceQuality "1"]
[WhiteTeam "Ricany U18"]
[BlackTeam "Croatia U18"]
[WhiteTeamCountry "CZE"]
[BlackTeamCountry "CRO"]

1. f4 Nf6 2. Nf3 d6 3. b3 g6 4. Bb2 Bg7 5. e3 0-0 6. Bc4 c5 7. 0-0 Nc6 8. Nc3 a6 9. a4 Rb8 10. Ra2 Nb4 11. Ra1 Bf5 12. Rc1 d5 13. Be2 d4 14. exd4 cxd4 15. Nxd4 Qxd4+ 16. Kh1 Qd7 17. Bf3 Rfd8 18. d3 Nbd5 19. Nxd5 Nxd5 20. Bxg7 Kxg7 21. Qd2 Qd6 22. Bxd5 Qxd5 23. Rce1 e6 24. Re5 Qc6 25. Rf2 Rbc8 26. Kg1 Qc3 27. Qd1 h5 28. h3 h4 29. Ree2 b5 30. axb5 axb5 31. Re5 Rd5 32. Ree2 Ra8 33. Re1 b4 34. Qb1 Rda5 0-1

[Event "Ricany op-A"]
[Site "Ricany"]
[Date "2011.08.22"]
[Round "4"]
[White "Lexa, Vaclav"]
[Black "Jirousek, Filip"]
[Result "1-0"]
[WhiteElo "1917"]
[BlackElo "1849"]
[PlyCount "57"]
[EventDate "2011.08.20"]
[EventType "swiss"]
[EventRounds "9"]
[EventCountry "CZE"]
[SourceTitle "CBM 144 Extra"]
[Source "ChessBase"]
[SourceDate "2011.10.28"]
[SourceVersion "1"]
[SourceVersionDate "2011.10.28"]
[SourceQuality "1"]

1. d4 Nf6 2. c4 g6 3. Nc3 Bg7 4. e4 d6 5. Nf3 Nbd7 6. Be2 e5 7. d5 0-0 8. Be3 Nc5 9. Nd2 a5 10. b3 Bd7 11. Rb1 b6 12. a3 Qe8 13. 0-0 h5 14. f3 Kh7 15. Nb5 Na6 16. b4 axb4 17. axb4 Bh6 18. Bxh6 Kxh6 19. Qb3 Qe7 20. Ra1 h4 21. f4 Bg4 22. Bxg4 Nxg4 23. h3 Nf6 24. Qe3 Kg7 25. fxe5 Qxe5 26. Rab1 Nh5 27. Nd4 Ng3 28. Rf4 Qxd4 29. Qxd4+ 1-0

[Event "Ricany op-A"]
[Site "Ricany"]
[Date "2011.08.20"]
[Round "1"]
[White "Jirousek, Filip"]
[Black "Vevera, Radek"]
[Result "1-0"]
[WhiteElo "1849"]
[BlackElo "2043"]
[PlyCount "117"]
[EventDate "2011.08.20"]
[EventType "swiss"]
[EventRounds "9"]
[EventCountry "CZE"]
[SourceTitle "CBM 144 Extra"]
[Source "ChessBase"]
[SourceDate "2011.10.28"]
[SourceVersion "1"]
[SourceVersionDate "2011.10.28"]
[SourceQuality "1"]

1. e4 c5 2. Nf3 d6 3. d4 cxd4 4. Nxd4 Nf6 5. Nc3 Nc6 6. Bc4 e6 7. 0-0 Be7 8. Re1 0-0 9. Nxc6 bxc6 10. e5 dxe5 11. Qxd8 Rxd8 12. Rxe5 Bb4 13. Bg5 Rd4 14. Bd3 Ng4 15. Re2 h6 16. Bd2 Bd6 17. h3 Ne5 18. Rd1 Nxd3 19. Be3 Nf4 20. Bxd4 Nxe2+ 21. Nxe2 Bc7 22. Bc5 f6 23. Nd4 Bd7 24. Nf3 Be8 25. Kf1 e5 26. Ke2 Kf7 27. Nd2 Ke6 28. Nc4 Bg6 29. c3 a6 30. Bd6 Bd8 31. Bf8 Kf7 32. Bc5 Be7 33. Rd7 Re8 34. Ra7 Ke6 35. Bxe7 Rxe7 36. Rxa6 Rc7 37. Ne3 Kd6 38. b4 Kd7 39. c4 Rb7 40. a3 Kc7 41. Kd2 h5 42. Kc3 h4 43. a4 Bh5 44. f3 Bg6 45. b5 cxb5 46. axb5 Kb8 47. b6 Rd7 48. c5 Rd3+ 49. Kb4 Be8 50. Nf5 Bc6 51. Ne7 Bb7 52. Ra7 Rd7 53. Nf5 Rd1 54. Nd6 Rb1+ 55. Kc3 Bd5 56. Rc7 Be6 57. Re7 Bc8 58. Re8 Rc1+ 59. Kb4 1-0

[Event "Frydek Mistek Chance Cup op"]
[Site "Frydek Mistek"]
[Date "2011.04.21"]
[Round "1"]
[White "Jirousek, Filip"]
[Black "Macicek, Jan1"]
[Result "0-1"]
[WhiteElo "1864"]
[BlackElo "2152"]
[PlyCount "36"]
[EventDate "2011.04.21"]
[EventType "swiss"]
[EventRounds "9"]
[EventCountry "CZE"]
[SourceTitle "EXT 2012"]
[Source "ChessBase"]
[SourceDate "2011.11.24"]
[SourceVersion "1"]
[SourceVersionDate "2011.11.24"]
[SourceQuality "1"]

1. e4 c5 2. Nf3 e6 3. d4 cxd4 4. Nxd4 Bc5 5. Nb3 Bb6 6. Bf4 Qf6 7. Qd2 Nc6 8. c3 Nge7 9. Be3 Bc7 10. Nd4 0-0 11. Be2 Qg6 12. Bf3 Ne5 13. Qe2 Nxf3+ 14. Qxf3 f5 15. exf5 Nxf5 16. Nxf5 Rxf5 17. Qh3 b6 18. f3 Rh5 0-1

[Event "Ricany op-B"]
[Site "Ricany"]
[Date "2008.08.23"]
[Round "1"]
[White "Hrdina, Robin"]
[Black "Jirousek, Filip"]
[Result "1-0"]
[WhiteElo "1624"]
[BlackElo "1250"]
[PlyCount "35"]
[EventDate "2008.08.23"]
[EventType "swiss"]
[EventRounds "9"]
[EventCountry "CZE"]
[SourceTitle "CBM 126 Extra"]
[Source "ChessBase"]
[SourceDate "2008.11.05"]
[SourceVersion "1"]
[SourceVersionDate "2008.11.05"]
[SourceQuality "1"]

1. e4 e5 2. Nc3 Nf6 3. f4 exf4 4. e5 Ng8 5. Nf3 f6 6. exf6 Nxf6 7. Bc4 Nc6 8. 0-0 d6 9. d4 g5 10. Nxg5 Be7 11. Rxf4 d5 12. Nxd5 Nxd5 13. Qh5+ Kd7 14. Bxd5 Bxg5 15. Rf7+ Be7 16. Qf5+ Ke8 17. Qh5 a6 18. Rf8+ 1-0